| 000 | 00515nas a2200169 a 4500 | ||
|---|---|---|---|
| 001 | 000058016 | ||
| 005 | 20200120223848.0 | ||
| 008 | 070411s1997 ck u p|||| | |0spa d | ||
| 245 | 1 | 0 |
_aGestus / _cdirector: Isadora de Norden. |
| 260 |
_aBogotá : _bColcultura, _c1997. |
||
| 310 | _aDesconocido | ||
| 500 | _aSeparata dramaturgica | ||
| 650 | 2 | 4 |
_aSociedad _vPublicaciones seriadas. |
| 650 | 2 | 4 |
_aPolĂtica _vPublicaciones seriadas. |
| 650 | 2 | 4 |
_aCultura _vPublicaciones seriadas. |
| 700 | 1 |
_aNorden, Isadora de _edir. |
|
| 999 |
_c7266 _d7266 |
||